Famous Economists - Statistics

General Stats
  • This quiz has been taken 154 times
  • The average score is 7 of 15
Answer Stats
Years Work/Theory Economist % Correct
1723-1790 The Invisible Hand Adam Smith
96%
1818-1883 The Communist Manifesto Karl Marx
94%
1883-1946 The General Theory of Employment, Interest, and Money John Maynard Keynes
91%
1912-2006 Monetarism (Free Markets) Milton Friedman
67%
1772-1823 Comparative Advantage David Ricardo
64%
1766-1834 Population Growth vs Food Supply Thomas Malthus
62%
1883-1950 Creative Destruction Joseph Schumpeter
43%
1899-1992 Road to Serfdom Friedrick Hayek
41%
1842-1924 The Supply and Demand Curves Alfred Marshall
32%
1934-2024 Thinking Fast and Slow Daniel Kahneman
19%
1857-1929 Conspicuous Consumption Thorstein Veblen
19%
1915-2009 Applications of Mathematics to Economics Paul Samuelson
13%
1945- Nudge (with below) Richard Thaler
10%
1954- Nudge (with above) Cass Sunstein
5%
1903-1983 Monopsony Power Joan Robinson
4%
No matching quizzes found
Score Distribution
Percent of People with Each Score
Percentile by Number Answered
Your Score History
You have not taken this quiz